|
|
|
|
| LEADER |
00000ny a22000003n 4500 |
| 005 |
2011051005505.0 |
| 007 |
cr||n| |a|aa |
| 008 |
030429c20039999lu dr p| | i0|aua0spa d |
| 022 |
|
|
|a 1725-2512
|
| 035 |
|
|
|a 23
|
| 040 |
|
|
|a NoBUC-BUV-S
|d vLex
|
| 080 |
|
|
|a 341.176(4)(094.4)(05)
|
| 090 |
|
|
|c 1556
|d 1556
|
| 245 |
1 |
0 |
|a Diario Oficial de la Unin̤ Europea.
|n Serie L,
|p Legislacin̤
|h [Recurso electrn̤ico]
|
| 246 |
3 |
0 |
|a DOUE
|
| 250 |
|
|
|a Ed. en lengua espaǫla
|
| 256 |
|
|
|a Servicio en ln̕ea
|
| 260 |
|
|
|a Luxemburgo :
|b Oficina de Publicaciones Oficiales de las Comunidades Europeas
|
| 310 |
|
|
|a Diaria
|
| 500 |
|
|
|a A partir del 1 de febrero de 2003 el Diario Oficial de las Comunidades Europeas se convierte en el Diario Oficial de la Unin̤ Europea al entrar en vigor el Tratado de Niza firmado el 26 de febrero de 2001 (artc̕ulo 2, niÌ 38)
|
| 500 |
|
|
|a Es continuacin̤ de: Diario Oficial de las Comunidades Europeas
|
| 650 |
0 |
4 |
|a Derecho
|z Pas̕es de la Unin̤ Europea
|x Legislacin̤
|x Publicaciones perid̤icas
|
| 650 |
0 |
4 |
|a Publicaciones oficiales
|z Pas̕es de la Unin̤ Europea
|x Publicaciones perid̤icas
|
| 651 |
|
4 |
|a Pas̕es de la Unin̤ Europea
|x Polt̕ica y gobierno
|x Publicaciones perid̤icas
|
| 740 |
0 |
|
|a vLex Revista (Servicios en ln̕ea)
|
| 780 |
0 |
0 |
|t Diario oficial de las Comunidades Europeas. Serie L, Legislacin̤,
|x 1012-9200
|
| 843 |
|
|
|a Electrn̤ica. Cerrada
|
| 853 |
|
|
|8 1
|i (year)
|j (month)
|k (day)
|
| 856 |
4 |
0 |
|z Acceso restringido
|u http://vlex.com/account/login_ip?fuente_id=23
|
| 942 |
|
|
|c REV
|